000 00584nam a2200193Ia 4500
003 GCL
008 140319s9999 xx 000 0 ara d
040 _aGCL /
_cGCL
082 0 4 _a332.1
_bع ت
100 1 _aعبدالغفار حنفى
245 1 0 _aتنظيم وادارة البنوك, السياسات المصرفية /
_cعبدالغفار حنفى
260 _a[S.N] :
_bالمكتب العربى الحديث ،
_c1987
300 _a475 ص
490 _a
650 0 4 _aتنظيم وادارة
650 0 4 _aالمالية
650 0 4 _aالبنوك
942 _2ddc
_cBK
999 _c56254
_d56254